S.P. Sen Centenary Volume (Record no. 189397)

MARC details
000 -LEADER
fixed length control field 00547nam a22001817a 4500
005 - DATE AND TIME OF LATEST TRANSACTION
control field 20220629104723.0
010 ## - LCCN (DPL NO)
LC control number ENG-133054
020 ## - INTERNATIONAL STANDARD BOOK NUMBER
International Standard Book Number 9789382710028
Terms of availability 2018
035 ## - SYSTEM CONTROL NUMBER
System control number EN-116586
037 ## - SOURCE OF ACQUISITION
Source of stock number/acquisition DBAD/PUB
082 ## - DEWEY DECIMAL CLASSIFICATION NUMBER
Classification number 923.573
245 ## - TITLE STATEMENT
Title S.P. Sen Centenary Volume
Statement of responsibility, etc Editied By Chittabrata Palit
260 ## - PUBLICATION, DISTRIBUTION, ETC. (IMPRINT)
Place of publication, distribution, etc Kolkata
Name of publisher, distributor, etc Institute of Historical Studies
Date of publication, distribution, etc 2018
270 ## - ADDRESS
Address 8/1 Loudon Street, Kolkata
City Kolkata
Postal code 700017
300 ## - PHYSICAL DESCRIPTION
Extent 230p.
Dimensions 22cm(hbk)
700 ## - ADDED ENTRY--PERSONAL NAME
Personal name Chittabrata Palit
942 ## - ADDED ENTRY ELEMENTS (KOHA)
Source of classification or shelving scheme Dewey Decimal Classification
Item type English Books
Classification part 923.573
Call number suffix SPS

No items available.


© Delhi Public Library
Hit Counter
free hit counter